| 000 | 00692nam a2200229Ia 4500 | ||
|---|---|---|---|
| 005 | 20241129104337.0 | ||
| 008 | 241129s9999||||xx |||||||||||||| ||und|| | ||
| 020 | _a9789354420566 | ||
| 037 | _aTextual | ||
| 040 |
_aRTL _beng _cRTL |
||
| 041 |
_aeng _2eng |
||
| 084 |
_aY38 R1 _qRTL |
||
| 100 |
_aChakraborty Kaustav _9439895 |
||
| 245 | 0 |
_aNations and national ISMS: A short introduction _cChakraborty Kaustav |
|
| 260 |
_aNew Delhi _bOrient Blackswan _c2021 |
||
| 300 | _ax,192p. | ||
| 365 |
_aINR _b345 |
||
| 490 | _aLiterary/Cultural Theory | ||
| 650 |
_aOverview of Nationalism and Related Ideologies _9725891 |
||
| 942 |
_cTB _hY38 R1 |
||
| 999 |
_c1225483 _d1225483 |
||